80 rokov výchovy ekonomických lídrov (1940 - 2020) Ekonomická univerzita v Bratislave v období poslednej dekády

Gespeichert in:
Bibliographische Detailangaben
Körperschaft: Ekonomická univerzita v Bratislave
Weitere Verfasser: Horňák, Miroslav, Daňo, Ferdinand, 1959-
Format: Buch
Sprache:Slowakisch
Veröffentlicht: Bratislava Vydavateľstvo EKONÓM 2020
Ausgabe:1. vydanie
Schlagworte:
Tags: Tag hinzufügen
Keine Tags, Fügen Sie das erste Tag hinzu!

MARC

LEADER 00000nam a2200000 4500
001 0273119
005 20240502074314.5
020 |a 978-80-225-4764-2 
041 0 |a slo 
044 |a SK 
245 1 0 |a 80 rokov výchovy ekonomických lídrov (1940 - 2020)  |b Ekonomická univerzita v Bratislave v období poslednej dekády  |c Ferdinand Daňo... [et al.] ; zostavovateľ a grafická úprava: Miroslav Horňák; zodpovedný za vydanie: Ferdinand Daňo 
250 |a 1. vydanie 
264 1 |a Bratislava  |b Vydavateľstvo EKONÓM  |c 2020 
300 |a 167 s. 
610 2 0 |a školy vysoké 
610 2 0 |a univerzity 
610 2 0 |a veda ekonomická 
610 2 0 |a vzdelávanie vysokoškolské 
610 2 0 |a história 
610 2 0 |a vývoj 
610 2 0 |a inštitúcie vzdelávacie 
610 2 0 |a ekonómia 
610 2 0 |a osobnosť 
610 2 0 |a pracovníci riadiaci 
610 2 0 |a lídri 
700 1 |a Horňák, Miroslav 
700 1 |a Daňo, Ferdinand, 1959- 
710 2 |a Ekonomická univerzita v Bratislave